[Event "COL-ch sf3 U16"]
[Site "Choconta"]
[Date "2018.04.05"]
[Round "1.10"]
[White "Mogollon Tobar, Nicolle Juliet"]
[Black "Rodriguez Zarama, Lida"]
[Result "1-0"]
[WhiteElo "1395"]
[BlackElo "1436"]
[PlyCount "39"]
[EventDate "2018.04.05"]
[EventType "swiss"]
[EventRounds "6"]
[EventCountry "COL"]
[SourceTitle "EXT 2024"]
[Source "ChessBase"]
[SourceDate "2023.10.10"]
[SourceVersion "1"]
[SourceVersionDate "2023.10.10"]
[SourceQuality "1"]

1. d4 e6 2. c4 d5 3. Nc3 Nf6 4. Nf3 Nc6 5. Bg5 Be7 6. e3 0-0 7. Bd3 b6 8. 0-0 Qd6 9. a3 e5 10. dxe5 Nxe5 11. Bf4 dxc4 12. Nxe5 cxd3 13. Nxd3 Qd7 14. Ne5 Qxd1 15. Raxd1 Ba6 16. Rfe1 Bd6 17. Nd5 Nxd5 18. Rxd5 Rfe8 19. Rc1 Rac8 20. Nd3 1-0

[Event "Bogota U12"]
[Site "Bogota"]
[Date "2014.05.16"]
[Round "4.4"]
[White "Bohorquez Pulgarin, Samuel"]
[Black "Rodriguez Zarama, Lida"]
[Result "0-1"]
[WhiteElo "1826"]
[BlackElo "1303"]
[PlyCount "32"]
[EventDate "2014.05.16"]
[EventType "swiss"]
[EventRounds "5"]
[EventCountry "COL"]
[SourceTitle "EXT 2024"]
[Source "ChessBase"]
[SourceDate "2023.10.10"]
[SourceVersion "1"]
[SourceVersionDate "2023.10.10"]
[SourceQuality "1"]

1. e4 e6 2. d4 d5 3. e5 c5 4. Bb5+ Bd7 5. Bxd7+ Qxd7 6. c3 c4 7. Nf3 f6 8. exf6 Nxf6 9. 0-0 Nc6 10. Qe2 Bd6 11. Re1 Ne4 12. Nbd2 0-0 13. Nxe4 dxe4 14. Qxe4 e5 15. Qd5+ Kh8 16. dxe5 Qf5 0-1

[Event "Bogota U12"]
[Site "Bogota"]
[Date "2014.05.16"]
[Round "3.5"]
[White "Lopez Ramirez, Daniel Giovanny"]
[Black "Rodriguez Zarama, Lida"]
[Result "0-1"]
[WhiteElo "1440"]
[BlackElo "1303"]
[PlyCount "80"]
[EventDate "2014.05.16"]
[EventType "swiss"]
[EventRounds "5"]
[EventCountry "COL"]
[SourceTitle "EXT 2024"]
[Source "ChessBase"]
[SourceDate "2023.10.10"]
[SourceVersion "1"]
[SourceVersionDate "2023.10.10"]
[SourceQuality "1"]

1. e4 e6 2. Nf3 d5 3. e5 f6 4. d4 c5 5. Bb5+ Bd7 6. Bxd7+ Qxd7 7. c3 Nc6 8. 0-0 c4 9. b3 Qc7 10. bxc4 0-0-0 11. cxd5 exd5 12. exf6 Nxf6 13. Bg5 Be7 14. Nbd2 h6 15. Bxf6 Bxf6 16. c4 Nxd4 17. cxd5 Nxf3+ 18. Nxf3 Bxa1 19. Qxa1 Rxd5 20. Nd4 Rh5 21. Rc1 Rc5 22. Rxc5 Qxc5 23. Ne6 Qc6 24. Nxg7 Rg8 25. h3 Qg6 26. Qc3+ Kb8 27. Qe5+ Ka8 28. Qd4 Qxg7 29. Qe4 Qc7 30. Qe3 Qc6 31. g3 Rd8 32. Qb3 a5 33. Qb1 Qc5 34. Qf1 Rg8 35. Kh2 Rc8 36. f4 h5 37. g4 hxg4 38. hxg4 Rh8+ 39. Kg3 Qe3+ 40. Qf3 Rh3+ 0-1